Telaga darah : (Record no. 66491)

MARC details
000 -LEADER
fixed length control field 00504cam a22002051a 4500
001 - CONTROL NUMBER
control field sa 65009881
003 - CONTROL NUMBER IDENTIFIER
control field DLC
005 - DATE AND TIME OF LATEST TRANSACTION
control field 20260227112205.0
008 - FIXED-LENGTH DATA ELEMENTS--GENERAL INFORMATION
fixed length control field 950420q19001995io 000 0 ind
010 ## - LIBRARY OF CONGRESS CONTROL NUMBER
LC control number sa 65009881
025 ## - OVERSEAS ACQUISITION NUMBER
Overseas acquisition number PL480:Indo-2268
035 ## - SYSTEM CONTROL NUMBER
System control number (OCoLC)32341534
040 ## - CATALOGING SOURCE
Original cataloging agency DLC
Transcribing agency WU
Modifying agency DLC
042 ## - AUTHENTICATION CODE
Authentication code premarc
050 00 - LIBRARY OF CONGRESS CALL NUMBER
Classification number PL5089.W4
Item number T4
100 1# - MAIN ENTRY--PERSONAL NAME
Personal name Wen, Wu.
245 10 - TITLE STATEMENT
Title Telaga darah :
Remainder of title (Hiat mo kiap)
260 ## - PUBLICATION, DISTRIBUTION, ETC.
Place of publication, distribution, etc. Djakarta :
Name of publisher, distributor, etc. Timur Raya,
Date of publication, distribution, etc. [19--?]
300 ## - PHYSICAL DESCRIPTION
Extent v. ;
Dimensions 16 cm.

No items available.

Powered by Koha